Zamestnanosť vo vybranom odvetví ekonomiky Slovenska

Charakteristika trhu práce. Dopyt po práci a ponuka práce. Zamestnanosť a služby zamestnanosti. Formy nezamestnanosti. Zamestnanosť v automobilovom priemysle v SR.

Saved in:
Bibliographic Details
Main Author: Rudášová, Zuzana
Format: Book Chapter
Language:Slovak
Subjects:
Tags: Add Tag
No Tags, Be the first to tag this record!

MARC

LEADER 00000nla a2200000 4500
001 0239302
005 20240502073857.5
041 0 |a slo 
044 |a SK 
245 1 0 |a Zamestnanosť vo vybranom odvetví ekonomiky Slovenska  |c Zuzana Rudášová 
520 |a Charakteristika trhu práce. Dopyt po práci a ponuka práce. Zamestnanosť a služby zamestnanosti. Formy nezamestnanosti. Zamestnanosť v automobilovom priemysle v SR. 
610 2 0 |a trh práce 
610 2 0 |a zamestnanosť 
610 2 0 |a služby zamestnanosti 
610 2 0 |a nezamestnanosť 
610 2 0 |a ponuka práce 
610 2 0 |a dopyt po práci 
610 2 0 |a priemysel automobilový 
610 2 0 |a dodávatelia 
610 2 0 |a tržby 
610 2 0 |a Slovensko 
100 1 |a Rudášová, Zuzana